| 000 | 00413nam a2200169Ia 4500 | ||
|---|---|---|---|
| 008 | 230524s9999 xx 000 0 und d | ||
| 020 | _a9789380578545 | ||
| 082 |
_a519.4 _bRAO |
||
| 100 |
_aH.S.G. Rao _942957 |
||
| 245 | 0 | _aNumerical Methods | |
| 250 | _a1 | ||
| 260 |
_aNew Delhi _bI.K.International _c2011 |
||
| 300 | _a"XV,407p;" | ||
| 500 | _aQuantity Number: 1 | ||
| 650 | _aMathamatics | ||
| 942 | _cBK | ||
| 999 |
_c57916 _d57916 |
||